| 000 | 00513nam a2200157 i 4500 | ||
|---|---|---|---|
| 001 | 147060 | ||
| 003 | ES-MaACL | ||
| 005 | 20230906201803.0 | ||
| 007 | t| | ||
| 008 | 070921s1964 sp ||||1| spa d | ||
| 245 | 0 | 0 |
_aTurismo. Asamblea Provincial _b: inventario de recursos turísticos. |
| 260 |
_aCádiz : _bExcma. Diputación Pro. Patronato de Reativación Prov. (1), _c1964. |
||
| 300 |
_a138 p., 2 gráf. pleg. ; _c30 cm. |
||
| 500 | _a(1) Ejemplar a multicopista. | ||
| 852 |
_aES-MaACL _jC-27517 _bR.54728 |
||
| 999 |
_c147060 _d147060 |
||